|
|
|
|
| LEADER |
01299nam a2200277 u 4500 |
| 001 |
10007220 |
| 003 |
GR-PaULI |
| 005 |
20210117203940.0 |
| 008 |
881025s1979 us eng |
| 952 |
|
|
|0 0
|1 0
|2 ddc
|4 0
|6 Π_Σ_516_360000000000000_THO
|7 0
|8 NFIC
|9 130672
|a LISP
|b LISP
|c REF
|d 2016-04-24
|i 18633
|l 0
|o Π/Σ 516.36 THO
|p 025000070638
|r 2016-04-24 00:00:00
|t 2
|v 2016.00
|w 2016-04-24
|y BK15
|
| 952 |
|
|
|0 0
|1 0
|2 ddc
|4 0
|6 Π_Σ_516_360000000000000_THO
|7 0
|8 NFIC
|9 130674
|a LISP
|b LISP
|c REF
|d 2016-04-24
|i 086638
|l 0
|o Π/Σ 516.36 THO
|p 025000042640
|r 2016-04-24 00:00:00
|t 1
|v 2016.00
|w 2016-04-24
|y BK15
|
| 999 |
|
|
|c 85640
|d 85640
|
| 020 |
|
|
|a 0387903577
|
| 040 |
|
|
|a GR-PaULI
|c GR-PaULI
|b gre
|e AACR2
|
| 082 |
0 |
4 |
|a 516.36
|2 23
|
| 100 |
1 |
|
|a Thorpe, John A.
|9 119030
|e συγγραφέας.
|
| 245 |
1 |
0 |
|a Elementary topics in differential geometry /
|c John A. Thorpe.
|
| 260 |
|
|
|a New York :
|b Springer-Verlag,
|c 1979.
|
| 300 |
|
|
|a xiii, 253 σ. ;
|b
|c 24 εκ.
|
| 490 |
1 |
|
|a Undergraduate texts in mathematics
|
| 504 |
|
|
|a Περιλαμβάνει βιβλιογραφικές παραπομπές και ευρετήριο.
|
| 505 |
1 |
|
|a
|
| 650 |
|
4 |
|a Γεωμετρία, Διαφορική
|9 2180
|
| 830 |
|
0 |
|9 166152
|a Undergraduate texts in mathematics (Springer)
|
| 942 |
|
|
|2 ddc
|c BKN
|
| 998 |
|
|
|c ΜΠΟΥΡΑΣ
|d 2019-09
|